DROPS ONLY #3 : DJ Snake - UMF 2017 - Statistiques

Statistiques générales
  • Ce quiz a été pris 3 fois
  • Le résultat moyen est 9 sur 31
Statistiques - réponses
Hint Réponse % Correct
21:27 Dillon Francis & DJ Snake - Get Low
67%
7:14 Dillon Francis & NGHTMRE - Need You (Shockone Remix)
67%
16:29 DJ Snake (feat. Lil Jon) - Turn Down For What
67%
17:23 DJ Snake (feat. Skrillex) - Sahara
67%
1:01:56 DJ Snake & Justin Bieber - Let Me Love You
67%
30:34 DJ Snake - Propaganda
67%
32:34 DJ Snake - Propaganda (SAYMYNAME Remix)
67%
25:57 Jauz & Ephwurd - Rock The Party
67%
2:49 Barely Alive - Poison Dart
33%
1:06:55 DJ Snake (feat. Bipolar Sunshine) - Middle
33%
53:23 DJ Snake (feat. G4shi) - 4life (Habstrackt Remix)
33%
42:48 DJ Snake & Yellow Claw - Ocho Cinco
33%
44:26 DJ Snake & Yellow Claw - Ocho Cinco (Bad Royale Remix)
33%
41:32 Graves & Coolights - Say Things (Crankdat Remix)
33%
4:43 Hoodie - Countdown
33%
27:17 Jauz & Crankdat - I Hold Still
33%
24:49 Major Lazer & DJ Snake (feat. MØ) - Leon On
33%
28:46 Mercer & SAYMYNAME - Wanted
33%
3:40 Valentino Khan & Boaz Van De Beatz - Lord
33%
6:25 Bro Safari - Follow (Zomboy Remix)
0%
58:05 DJ Snake & AlunaGeorge - You Know You Like It
0%
48:00 DJ Snake (feat. Mr Hudson) - Here Comes the Night
0%
50:34 DJ Snake ft. Mr Hudson - Here Comes The Night (Junkie Kid Remix)
0%
12:52 DJ Snake & Moksi - Pigalle
0%
37:52 Drake & Future - Jumpman
0%
54:38 Excision & Space Laces - Push It Up
0%
34:05 Future - Fuck Up Some Commas
0%
35:50 Future - Mask Off
0%
14:44 Ghastly - Spiders Symphony
0%
8:59 Joyride - Hot Drum
0%
5:46 Kayzo - Whistle Wars
0%
Aucun quiz correspondant
Distribution des résultats
% des personnes avec chaque résultat
Percentile par nombre de réponses
Votre historique - résultats
Vous n’avez pas pris ce quiz